| 000 | 01128nam a22003137a 4500 | ||
|---|---|---|---|
| 003 | CHAP | ||
| 005 | 20220329135417.0 | ||
| 008 | 971013s1982 r 00010 d | ||
| 010 | _a35996 | ||
| 011 | _a36968 | ||
| 035 | _a41087 | ||
| 040 | _cCHAP | ||
| 090 | _aFolleto 8347 (1982) | ||
| 110 |
_aMéxico. Coordinación General de los Servicios Nacionales de Estadística, Geografía e Informática _976893 |
||
| 245 | _aGuía para la elaboración de estudios de viabilidad sobre sistemas de computación | ||
| 250 | _a3 ed. | ||
| 260 |
_aMéxico, D.F. : _bLa Coordinación, _c1982 |
||
| 300 | _a49 p | ||
| 590 |
_aBATCH-UPD _b10 _c20130110 _lUCH01 _h2109 |
||
| 590 |
_aBATCH-UPD _b10 _c20130410 _lUCH01 _h1420 |
||
| 590 |
_aBATCH-UPD _b10 _c20130914 _lUCH01 _h1022 |
||
| 590 |
_aCONVERSION _b10 _c20130109 _lUCH01 _h1320 |
||
| 650 | 1 | 4 |
_aComputación. _926122 |
| 650 | 1 | 4 |
_aProcesamiento automático de datos en administración pública. _991749 |
| 901 | _aBK | ||
| 942 | _cFOLL | ||
| 949 |
_aFolleto 8347 (1982) _bBC _cFOLL _d-94120 _eTS1 _i41087 _mD _si |
||
| 949 |
_aFolleto 8347 (1982) _bBC _cFOLL _d-94122 _eTS2 _fc.2 _i41087 _mD _si |
||
| 999 |
_c35996 _d35996 |
||